000 00681nam a2200229Ia 4500
003 OSt
005 20260212113536.0
008 210716s2002 xx 000 0 und d
020 _a8174462953
040 _cAIMIT LIBRARY
041 _aeng
082 _a658.301
_bBHAD
_21
100 _aBhattacharyya, Dipak Kumar.
_9252246
245 _aHuman resource planning /
_cBy Dipak Kumar Bhattacharyya.
250 _a1st ed.
260 _aNew Delhi :
_bExcel Books ,
_c2002.
300 _axvi,368p.
_bPB
_c24cm.
650 _aHuman Resource Management
_9252247
650 _aSkills and Multi skilling.
_9252248
650 _aHuman resource costs
_9253568
942 _2ddc
_cBK
_e1st ed.
999 _c181837
_d181837